logo

Bir Sreshtho Munshi Abdur Rouf Library
Jhenaidah Cadet College

The myth of independence / (Record no. 5796)

MARC details
000 -LEADER
fixed length control field 00786cam a22002771a 4500
001 - CONTROL NUMBER
JCCL Control Number 5796
003 - CONTROL NUMBER IDENTIFIER
JCCL marc code BD-JhCC
005 - DATE AND TIME OF LATEST TRANSACTION
control field 20180328173456.0
008 - FIXED-LENGTH DATA ELEMENTS--GENERAL INFORMATION
fixed length control field 700514s1969 enkcf b 000 0 eng
020 ## - INTERNATIONAL STANDARD BOOK NUMBER
International Standard Book Number 0192151673
035 ## - SYSTEM CONTROL NUMBER
system control number (BD-JhCC)5796
035 ## - SYSTEM CONTROL NUMBER
system control number 2546450
040 ## - CATALOGING SOURCE
Original cataloging agency LC
Transcribing agency LC
Modifying agency NUN
-- BD-JhCC
041 ## - LANGUAGE CODE
Language code of Book eng
050 00 - LIBRARY OF CONGRESS CALL NUMBER
Classification number DS383.5.A2
Item number B52
082 14 - DEWEY DECIMAL CLASSIFICATION NUMBER
Classification number 327.549
Author mark and Year BHU 1959
100 1# - MAIN ENTRY--PERSONAL NAME
Personal name Bhutto, Zulfikar Ali,
Dates associated with a name 1928-1979.
245 14 - TITLE STATEMENT
Title The myth of independence /
Statement of responsibility, etc Zulfika Ali Bhutto.
260 ## - PUBLICATION, DISTRIBUTION, ETC. (IMPRINT)
Place of publication, distribution, etc London :
-- Lahore [etc.] :
Name of publisher, distributor, etc Oxford U.P.,
Date of publication, distribution, etc 1969.
300 ## - PHYSICAL DESCRIPTION
Pagination x, 188 p. :
Other physical details 4 plates, ports. ;
Dimensions 23 cm.
504 ## - BIBLIOGRAPHY, ETC. NOTE
Bibliography, etc Bibliographical footnotes.
650 ## - SUBJECT ADDED ENTRY--TOPICAL TERM
Topical term or geographic name as entry element Diplomatic relations
651 #0 - SUBJECT ADDED ENTRY--GEOGRAPHIC NAME
Geographic name Pakistan
General subdivision Foreign relations.
942 ## - ADDED ENTRY ELEMENTS (KOHA)
Source of classification or shelving scheme Dewey Decimal Classification
Koha item type Books
Holdings
Source of classification or shelving scheme Damaged status Not for loan Home library Current library Shelving location Date of accession Total Checkouts Full call number Barcode Date last seen Copy number Koha item type
Dewey Decimal Classification     JCC Rouf Library JCC Rouf Library General Stacks 12/21/2017   327.549 BHU 1969 7930 12/21/2017 C-1 Books
Dewey Decimal Classification     JCC Rouf Library JCC Rouf Library General Stacks     327.549 BHU 1959 12491 03/13/2018 C-2 Books
Dewey Decimal Classification     JCC Rouf Library JCC Rouf Library       327.549 BHU 1959 12679 03/19/2018 C-3 Books

JCC Library | Contacts | JCC Home

Last Update on 23 September 2017
Copyright @ 2017-2020 JCC Rouf Library
Rouf Library, Jhenidah Cadet College (JCC), Bangladesh